Thinking about mathematics : the philosophy of mathematics

Saved in:
Bibliographic Details
Main Author: Shapiro, Stewart, 1951-
Format: Book
Language:English
Published: New York : Oxford University Press, 2000
Subjects:
Tags: Add Tag
No Tags, Be the first to tag this record!

MARC

LEADER 00000cam a2200000 a 4500
001 1/110729
008 160513t2000####enk| ||| |||| ||eng||
020 |a 9780192893062 
040 |a GR-MyUa  |b gre  |c GR-MyUa  |e AACR2 
041 0 |a eng 
082 7 |a 510.1  |2 (23) 
100 1 |a Shapiro, Stewart,   |d 1951- 
245 1 0 |a Thinking about mathematics :   |b the philosophy of mathematics /   |c Stewart Shapiro.  
260 |a New York :   |b Oxford University Press,   |c 2000 
300 |a xiii, 308 σ. ;   |c 22 εκ.  
504 |a Περιλαμβάνει βιβλιογραφικές αναφορές και ευρετήριο.  
650 0 |a Mathematics  |x Philosophy. 
852 |a INST  |b SAMOS  |e 20160513  |h 510.1 SHA  |p 005300043499  |q 005300043499  |t BK  |y 0 
970 |a Γουβάλα  |b Βάσω  |z 12-05-2016